000 00182 a2200097 4500
001 10409
100 _aWilkins, HP
245 _aMoon, The
260 _a
_bF
_c
090 _c8043
_d8043
942 _aNUST-CAE
_cM
_c34760
999 _c245482
_d245482